Growth assessment of popular clones of natural rubber (Hevea brasiliensis) under warm dry climatic conditions of Chattisgarh state, Central India (Record no. 49093)

MARC details
000 -LEADER
fixed length control field 00547nam a2200169Ia 4500
100 ## - MAIN ENTRY--AUTHOR NAME
Personal name Krishan B
245 #0 - TITLE STATEMENT
Title Growth assessment of popular clones of natural rubber (Hevea brasiliensis) under warm dry climatic conditions of Chattisgarh state, Central India
260 ## - PUBLICATION, DISTRIBUTION, ETC. (IMPRINT)
Name of publisher Journal of Experimental Biology and Agricultural Sciences
Year of publication 2015
650 ## - SUBJECT ADDED ENTRY--TOPICAL TERM
Topical Term Clones
650 ## - SUBJECT ADDED ENTRY--TOPICAL TERM
Topical Term Dry climate
650 ## - SUBJECT ADDED ENTRY--TOPICAL TERM
Topical Term Girth
650 ## - SUBJECT ADDED ENTRY--TOPICAL TERM
Topical Term Girth increment
650 ## - SUBJECT ADDED ENTRY--TOPICAL TERM
Topical Term Growth
650 ## - SUBJECT ADDED ENTRY--TOPICAL TERM
Topical Term Seasons
942 ## - ADDED ENTRY ELEMENTS (KOHA)
Koha item type Bibliography STAF
Holdings
Withdrawn status Lost status Damaged status Not for loan Home library Current library Shelving location Date acquired Serial Enumeration / chronology Koha item type
      Bibliography RRII Library RRII Library Botany 01/01/2016 Volume 3, Issue 2 Bibliography STAF